Central Library OPAC University of Rajshahi

আন্তর্জাতিক সম্পর্কের ইতিহাস : (Record no. 58283)

MARC details
000 -LEADER
fixed length control field 01008nam a2200217 a 4500
001 - CONTROL NUMBER
control field 58283
003 - CONTROL NUMBER IDENTIFIER
rucl marc code BD-RjUL
005 - DATE AND TIME OF LATEST TRANSACTION
control field 20220109103442.0
008 - FIXED-LENGTH DATA ELEMENTS--GENERAL INFORMATION
fixed length control field 161217s1971 ii ||||| |||| 00| 0 ben d
035 ## - SYSTEM CONTROL NUMBER
System control number (BD-RjUL)58407
040 ## - CATALOGING SOURCE
Original cataloging agency BD-RjUL
Language of cataloging ben
Transcribing agency BD-RjUL
041 ## - LANGUAGE CODE
Language code of text/sound track or separate title ben
082 ## - DEWEY DECIMAL CLASSIFICATION NUMBER
Edition number 23
Classification number 327.09
Author mark and year SEA 1971
100 1# - MAIN ENTRY--PERSONAL NAME
Personal name সেন, অসিত কুমার
9 (RLIN) 173121
245 10 - TITLE STATEMENT
Title আন্তর্জাতিক সম্পর্কের ইতিহাস :
Remainder of title প্রথম বিশ্বযুদ্ধোত্তর যুগ হইতে বর্তমান কাল পর্যন্ত /
Statement of responsibility, etc. অসিত কুমার সেন
260 ## - PUBLICATION, DISTRIBUTION, ETC. (IMPRINT)
Place of publication, distribution, etc. নূতন দিল্লী :
Name of publisher, distributor, etc. এস চান্দ এণ্ড কোং,
Date of publication, distribution, etc. ১৯৭১
300 ## - PHYSICAL DESCRIPTION
Pagination [১২], ৫৩৬ পৃ ;
Size ২৩ সেমি.
650 ## - SUBJECT ADDED ENTRY--TOPICAL TERM
Topical term or geographic name as entry element আন্তর্জাতিক সম্পর্ক
General subdivision ইতিহাস
9 (RLIN) 173122
Topical term or geographic name as entry element International Relation
General subdivision History
9 (RLIN) 173123
942 ## - ADDED ENTRY ELEMENTS (KOHA)
Source of classification or shelving scheme Dewey Decimal Classification
Koha item type Books
Holdings
Lost status Source of classification or shelving scheme Damaged status Not for loan Collection code Permanent Location Current Location Shelving location Date acquired Source of acquisition Cost, normal purchase price Total Checkouts Full call number Date last seen Copy number Koha item type Total Renewals Date checked out
  Dewey Decimal Classification   Not For Loan Non-fiction Central Library, University of Rajshahi Central Library, University of Rajshahi Reading Room 07/07/1982 Aligor library, Rajshahi 40.50   B 327.09 SEA 1971 17/12/2016 C-1 Books    
  Dewey Decimal Classification     Non-fiction Central Library, University of Rajshahi Central Library, University of Rajshahi   07/07/1982 Alighar Library 40.50 6 B 327.09 SEA 1971 04/03/2024 C-2 Books 1 22/02/2024
  Dewey Decimal Classification     Non-fiction Central Library, University of Rajshahi Central Library, University of Rajshahi General Stacks 19/06/1982 Rajshahi, Aligarh Library 25.00 4 B 327.09 SEA 1971 02/03/2025 C-3 Books   09/02/2025